Process integration / (Record no. 20213)
[ view plain ]
| 000 -LEADER | |
|---|---|
| fixed length control field | 00887cam a22002775a 4500 |
| 001 - CONTROL NUMBER | |
| control field | 14299504 |
| 005 - DATE AND TIME OF LATEST TRANSACTION | |
| control field | 20151116141503.0 |
| 008 - FIXED-LENGTH DATA ELEMENTS--GENERAL INFORMATION | |
| fixed length control field | 060314t2006 ne a frb 001 0 eng d |
| 020 ## - INTERNATIONAL STANDARD BOOK NUMBER | |
| Cancelled/invalid ISBN | 012370530 |
| 020 ## - INTERNATIONAL STANDARD BOOK NUMBER | |
| International Standard Book Number | 0123705320 |
| 020 ## - INTERNATIONAL STANDARD BOOK NUMBER | |
| International Standard Book Number | 9780123705327 |
| 040 ## - CATALOGING SOURCE | |
| Original cataloging agency | DLC |
| Language of cataloging | eng |
| Transcribing agency | DLC |
| Modifying agency | YDXCP |
| -- | BAKER |
| -- | IXA |
| -- | OCLCQ |
| -- | BTCTA |
| -- | DLC |
| -- | EG-ScBUE |
| 082 04 - DEWEY DECIMAL CLASSIFICATION NUMBER | |
| Classification number | 658.5 |
| Item number | ELH |
| Edition number | 22 |
| 100 1# - MAIN ENTRY--PERSONAL NAME | |
| Personal name | El-Halwagi, Mahmoud M., |
| Dates associated with a name | 1962- |
| 9 (RLIN) | 38628 |
| 245 10 - TITLE STATEMENT | |
| Title | Process integration / |
| Statement of responsibility, etc | Mahmoud M. El-Halwagi. |
| 260 ## - PUBLICATION, DISTRIBUTION, ETC. (IMPRINT) | |
| Place of publication, distribution, etc | Amsterdam : |
| Name of publisher, distributor, etc | Elsevier / Academic Press, |
| Date of publication, distribution, etc | c.2006. |
| 300 ## - PHYSICAL DESCRIPTION | |
| Extent | xv, 398 p. : |
| Other physical details | ill. ; |
| Dimensions | 27 cm. |
| 490 0# - SERIES STATEMENT | |
| Series statement | Process systems engineering ; |
| Volume number/sequential designation | v. 7. |
| 500 ## - GENERAL NOTE | |
| General note | Index : p. 395-398. |
| 504 ## - BIBLIOGRAPHY, ETC. NOTE | |
| Bibliography, etc | Includes bibliographical references. |
| 650 #7 - SUBJECT ADDED ENTRY--TOPICAL TERM | |
| Topical term or geographic name as entry element | Process control. |
| Source of heading or term | BUEsh |
| 9 (RLIN) | 29414 |
| 651 ## - SUBJECT ADDED ENTRY--GEOGRAPHIC NAME | |
| Source of heading or term | BUEsh |
| 653 ## - INDEX TERM--UNCONTROLLED | |
| Resource For college | Engineering, Chemical |
| Arrived date list | July2015 |
| -- | November2015 |
| 655 ## - INDEX TERM--GENRE/FORM | |
| Form subdivision | Text book |
| -- | 33728 |
| 942 ## - ADDED ENTRY ELEMENTS (KOHA) | |
| Source of classification or shelving scheme | Dewey Decimal Classification |
| Withdrawn status | Lost status | Source of classification or shelving scheme | Damaged status | Not for loan | Koha collection | Home library | Current library | Shelving location | Date acquired | Source of acquisition | Cost, normal purchase price | Serial Enumeration / chronology | Total Checkouts | Full call number | Barcode | Date last seen | Cost, replacement price | Koha item type | Total Renewals | Date last borrowed |
|---|---|---|---|---|---|---|---|---|---|---|---|---|---|---|---|---|---|---|---|---|
| Dewey Decimal Classification | Baccah | Central Library | Central Library | First floor | 06/07/2015 | Purchase | 715.00 | 22696 | 658.5 ELH | 000039346 | 15/07/2025 | 894.00 | Book - Borrowing | |||||||
| Dewey Decimal Classification | Baccah | Central Library | Central Library | First floor | 16/11/2015 | Purchase | 658.5 ELH | 000031337 | 15/07/2025 | NB - Book (Non borrowing) | ||||||||||
| Dewey Decimal Classification | Baccah | Central Library | Central Library | First floor | 16/11/2015 | Purchase | 2 | 658.5 ELH | 000031338 | 15/07/2025 | Book - Borrowing | 23 | 29/12/2019 | |||||||
| Dewey Decimal Classification | Baccah | Central Library | Central Library | First floor | 16/11/2015 | Purchase | 658.5 ELH | 000031339 | 15/07/2025 | Book - Borrowing |